Indexy cien za lesníctvo (surové drevo) v Slovenskej republike August 1994

Enregistré dans:
Détails bibliographiques
Format: Livre
Langue:slovaque
Publié: Bratislava Štatistický úrad Slovenskej republiky 1994
Collection:Štatistické čísla a grafy
Tags: Ajouter un tag
Pas de tags, Soyez le premier à ajouter un tag!

MARC

LEADER 00000nam a2200000 4500
001 c017201
005 20260226123648.0
041 0 |a slo 
044 |a SK 
245 1 0 |a Indexy cien za lesníctvo (surové drevo) v Slovenskej republike  |b August 1994 
264 1 |a Bratislava  |b Štatistický úrad Slovenskej republiky  |c 1994 
300 |a [7] s. 
490 1 |a Štatistické čísla a grafy 
830 0 |a Štatistické čísla a grafy